000 00612nam a2200253Ia 4500
003 OSt
005 20221005130006.0
006 a|||||r|||| 00| 0
007 ta
008 221004b |||||||| |||| 00| 0 rus d
024 _a47141
037 _cTextual
040 _aCRL
_cCRL
_brus
041 _2rus
_arus
082 _aO142,3M18,2, 31J7
100 _aTurgenev
245 0 _aPudhuppunal
260 _c1957
300 _a295p.
_ccm.
650 _a TAMIL LANGUAGE
650 _aRUSSIAN FICTION
942 _hO142,3M18,2, 31J7
_cTEXL
_2cc
999 _c1055718
_d1055718